00841nam a2200193 i 450000100060000000300090000600500170001500700030003200800410003510000420007624501880011826000520030630000350035870000430039370000400043685200320047699900170050895201220052530124ES-MaACL20230906154136.0t|030123s1952 sp ||||1| spa d1 aBarrio y Rufo, José María.92601110aHistoria de la Virgen del Puerto, patrona de Plasencia / cJosé María Barrio y Rufo ; edición, traducción y notas de Francisco Fernández-Serrano y Antonio Sánchez Paredes. aZaragoza : b[s.n., c1952] (fGráf. Salduva) aLI, 33 p., 5 lám. ; c22 cm.1 aFernández-Serrano, Francisco.9500941 aSánchez Paredes, Antonio.9102830 aES-MaACLjA-10146 bR.99424 c30124d30124 00104070aATENEOMbATENEOMcDEPO1d2008-01-17eSCl0oA-10146p1031100r2023-02-23 00:00:00w2023-02-23yMONOGRAFIA